000 01032nam0a22002651 4500
001 v19\rc\1895580
005 20260407001608.0
035 _a(NLR Aleph) 004980983
090 _a6184823
_c6184823
100 _a20080221d1911 |||y0rusy50 ca
101 0 _arus
102 _aRU
105 _ay z |||||
200 1 _aОбъяснение Городской управы на доклад Ревизионной комиссии по отчету Управы за 1905 год и о положении городского хозяйства за 1909 год
_eВ Вольскую гор. думу
210 _aВольск
_d[1911]
215 _a32 с.
309 _aБез тит. л. и обл.
710 0 2 _aВольская городская управа
_9480022
_3RU\NLR\AUTH\889991983
712 0 2 _aВольская гор. ревизионная комиссия
801 0 _aRU
_bNLR
_gpsbo
801 0 _aRU
_bRuMoRGB
_2psbo
801 1 _aRU
_bProSoft-M
_2rusmarc
852 _aNLR
_j37.53.3.236
942 _cBOOK
980 _aNB